Gender relations in forest societies in india (Record no. 173831)
[ view plain ]
| 000 -LEADER | |
|---|---|
| fixed length control field | 00702nam a2200241Ia 4500 |
| 003 - CONTROL NUMBER IDENTIFIER | |
| control field | OSt |
| 005 - DATE AND TIME OF LATEST TRANSACTION | |
| control field | 20250927150519.0 |
| 008 - FIXED-LENGTH DATA ELEMENTS--GENERAL INFORMATION | |
| fixed length control field | 210423s2003 xx 000 0 und d |
| 040 ## - CATALOGING SOURCE | |
| Transcribing agency | AL |
| 041 ## - LANGUAGE CODE | |
| Language code of text/sound track or separate title | English |
| 082 ## - DEWEY DECIMAL CLASSIFICATION NUMBER | |
| Classification number | 305.3 |
| Item number | KELG |
| 100 ## - MAIN ENTRY--PERSONAL NAME | |
| Personal name | Govind Kelkar |
| 9 (RLIN) | 121076 |
| 245 ## - TITLE STATEMENT | |
| Title | Gender relations in forest societies in india |
| Remainder of title | Patriarchy at odds |
| 260 ## - PUBLICATION, DISTRIBUTION, ETC. | |
| Name of publisher, distributor, etc. | Sage Publications |
| Date of publication, distribution, etc. | 2003 |
| 300 ## - PHYSICAL DESCRIPTION | |
| Extent | 325 |
| Other physical details | HB |
| 365 ## - TRADE PRICE | |
| Price amount | 290 |
| Currency code | INR |
| 650 ## - SUBJECT ADDED ENTRY--TOPICAL TERM | |
| Topical term or geographic name entry element | Social Groups |
| 9 (RLIN) | 121077 |
| 650 ## - SUBJECT ADDED ENTRY--TOPICAL TERM | |
| Topical term or geographic name entry element | Social Sciences |
| 9 (RLIN) | 121078 |
| 700 ## - ADDED ENTRY--PERSONAL NAME | |
| Personal name | Nathan, Dev |
| 9 (RLIN) | 240873 |
| 700 ## - ADDED ENTRY--PERSONAL NAME | |
| Personal name | Walter, Pierre |
| 9 (RLIN) | 240874 |
| 906 ## - LOCAL DATA ELEMENT F, LDF (RLIN) | |
| a | at ; forest ; Gender ; india ; odds ; Patriarchy ; relations ; societies |
| 942 ## - ADDED ENTRY ELEMENTS (KOHA) | |
| Source of classification or shelving scheme | Dewey Decimal Classification |
| Koha item type | Book |
| Withdrawn status | Lost status | Damaged status | Not for loan | Collection code | Home library | Current library | Date acquired | Source of acquisition | Cost, normal purchase price | Total Checkouts | Full call number | Barcode | Date last seen | Price effective from | Koha item type |
|---|---|---|---|---|---|---|---|---|---|---|---|---|---|---|---|
| MSW | St Aloysius PG Library | St Aloysius PG Library | 12/17/2003 | Intel Book Distributers | 290.00 | 305.3 KELG | PG020482 | 08/24/2022 | 04/26/2021 | Book |